000 00326nam a2200133Ia 4500
008 240624s9999 xx 000 0 und d
041 _aeng
082 _a658.4012 VOL
100 _aVOLBERDA HENK W
245 _aRETHINKING STRATEGY
260 _c2001
_aNew Delhi
_bSAGE Publications Ltd
300 _a336 : p.
365 _c
_b30
999 _c20313
_d20313